Analysis and projection of educational expenditures in Latin America /
Enregistré dans:
| Auteur principal: | |
|---|---|
| Autres auteurs: | , , , |
| Format: | Texte |
| Tags: |
Ajouter un tag
Pas de tags, Soyez le premier à ajouter un tag!
|
MARC
| LEADER | 00000 a a2200000 04500 | ||
|---|---|---|---|
| 001 | 45648 | ||
| 003 | |||
| 040 | |||
| 100 | |a Muñoz Izquierdo, Carlos | ||
| 245 | |a Analysis and projection of educational expenditures in Latin America / |c Carlos Muñoz Izquierdo, Patricia Restrepo de Cepeda with the assistance of Alberto Hernández Medina, Maria de los Angeles Nuñez and Lourdes Ramos | ||
| 700 | |a Restrepo de Cepeda, Patricia | ||
| 700 | |a Hernández Medina, Alberto | ||
| 700 | |a Nuñez, Maria de los Angeles | ||
| 700 | |a Ramos, Lourdes | ||
| 773 | |g páginas 81-121 : tablas | ||
| 999 | |c 18339 |d 18339 | ||
